01459nam a2200301Ia 4500952011400000952010200114999001700216005001700233008004100250020001500291050002100306100002600327240007500353245009200428250001800520260003800538300003600576336001000612337001400622338001200636504003800648505033000686519005501016650001401071650002401085700004101109942000701150 00102lcc4070a03b03d2001-05-15l1oNK1510 M86 2000p03 001029r2017-11-22s2017-11-22t1w2012-07-20yLB 00102lcc4070a03b03d2001-05-15l0oNK1510 M86 2000p03 001030r2012-07-20t2w2012-07-20yLB c78955d7895520231102151245.0120720s2000 sp a 000 0 spa d a8425211549 aNK1510bM86 200010aMunari, Bruno eautor aDa cosa nasce cosa. Appunti per una metodologia progettualelespañol10a¿Cómo Nacen los Objetos?c / Bruno Munari ; traducción de Carmen Artal Rodríguez a8a. edición aEspañab : Gustavo Gilic, 2000 a385 páginasb : ilustraciones atexto asin medio avolumen aIncluye: bibliografía (pp. 384) aLas cuatro reglas del método cartesiano Saber proyectar El lujo Arroz verde Metodología proyectual En que sectores se encuentran sectores de diseño Que es un problema Bocetos y dibujos Modelos Ficha de análisis Compas de oro para desconosidos Simplificar Conferencia formal Evolución de la navaja de afeitar Espacio aMaterial Complementerio / d(03 001029, 03 001030)14aDISEÑO 24aDISEÑO INDUSTRIAL aArtal Rodríguez, Carmenetraductor cLB